Economics, Management, and Financial Markets

Bibliographic Details
Format: eBook
Language:English
Published: Columbus: Addleton Academic Publishers, 2018 -
Subjects:
Online Access:Acceso restringido

MARC

LEADER 00000nam a22000007a 4500
005 20191016221255.0
007 cr|||| ||||
008 191016c20189999us qr|w s|||| 0|||b1eng d
022 |a 1842-3191 
035 |a 22337 
040 |a vLex 
090 |c 9860  |d 9860 
245 0 0 |a Economics, Management, and Financial Markets  |h [Recurso electrn̤ico] / 
256 |a Servicio en ln̕ea 
260 |a Columbus:  |b Addleton Academic Publishers,  |c 2018 - 
300 |a 1 recurso electrn̤ico 
310 |a Trimestral 
506 1 |a Disponible solo en los productos indicados  |d vLex Global  |d vLex Global (Academic Edition, excluding Law Schools)  |d vLex Global (Academic Edition, Law Schools) 
650 0 4 |a Economa̕ y negocios  |z Estados Unidos 
740 0 |a vLex Revistas (Servicio en ln̕ea) 
856 4 0 |u http://vlex.com/source/22337  |z Acceso restringido 
942 |c REV 
999 0 |a Economy and business